[Event "Hamburg Harburg - ch Gr. F 6th"]
[Site "Hamburg"]
[Date "2008.07.19"]
[Round "3"]
[White "Raedisch, Peter"]
[Black "Lochmann, Viktor"]
[Result "0-1"]
[WhiteElo "1804"]
[BlackElo "1890"]
[PlyCount "116"]
[EventDate "2008.07.20"]
[EventType "tourn"]
[EventRounds "5"]
[EventCountry "GER"]
[SourceDate "2008.01.01"]

1. e4 d6 2. d4 Nf6 3. Nc3 g6 4. Nf3 Bg7 5. Bc4 O-O 6. a3 Nc6 7. h3 e5 8. Bg5
exd4 9. Nxd4 Qe8 10. f3 Qe5 11. Bxf6 Bxf6 12. Nde2 Bh4+ 13. Kf1 Na5 14. Ba2 Be6
15. Qd4 Qxd4 16. Nxd4 Bxa2 17. Rxa2 Nc4 18. Ke2 c5 19. Nb3 f5 20. Nd2 Nxd2 21.
Kxd2 Bg5+ 22. Kd3 a6 23. Re1 Rae8 24. Raa1 Bh4 25. Re2 b5 26. Nd5 c4+ 27. Kd2
Re5 28. c3 fxe4 29. fxe4 a5 30. Rd1 Rfe8 31. Nc7 R8e7 32. Nd5 Rf7 33. Kc2 Kf8
34. Nb6 Bd8 35. Rxd6 Bxb6 36. Rxb6 Rf4 37. Rb7 h5 38. Rd2 Rfxe4 39. Rd8+ Re8
40. Rdd7 Re2+ 41. Kb1 Re1+ 42. Ka2 R1e7 43. Rxe7 Rxe7 44. Rxb5 Re2 45. Rg5 Kf7
46. h4 a4 47. Kb1 Kf6 48. g3 Re5 49. Rxe5 Kxe5 50. Kc2 Ke4 51. Kd2 Kf3 52. Kc1
Kxg3 53. b4 cxb3 54. c4 Kf4 55. Kb2 Ke5 56. Kc3 Ke4 57. Kb4 b2 58. Kxa4 b1=Q
0-1

[Event "Hamburg Harburg - ch Gr. F 6th"]
[Site "Hamburg"]
[Date "2008.07.19"]
[Round "3"]
[White "Undritz, Bjoern"]
[Black "Koehnke, Martin"]
[Result "1-0"]
[WhiteElo "1743"]
[BlackElo "1919"]
[PlyCount "57"]
[EventDate "2008.07.20"]
[EventType "tourn"]
[EventRounds "5"]
[EventCountry "GER"]
[SourceDate "2008.01.01"]

1. d4 c5 2. d5 Nf6 3. g3 e6 4. c4 d6 5. Bg2 e5 6. Nc3 Be7 7. Nf3 Nbd7 8. O-O
O-O 9. e4 Nb6 10. b3 Re8 11. Qc2 Bd7 12. Ne1 Nh5 13. Nd3 f5 14. f4 exf4 15.
Nxf4 Nxf4 16. Bxf4 fxe4 17. Bxe4 h6 18. Bh7+ Kh8 19. Ne4 Nc8 20. Bg6 Rf8 21.
Rae1 Bh3 22. Rf2 Qd7 23. Be3 Qd8 24. Qd2 Bf6 25. Bxh6 Bd4 26. Be3 Bxe3 27. Qxe3
Nb6 28. Qe2 Rxf2 29. Qh5+ 1-0

[Event "Hamburg Harburg - ch Gr. F 6th"]
[Site "Hamburg"]
[Date "2008.07.20"]
[Round "4"]
[White "Schoknecht, Sabine"]
[Black "Koehnke, Martin"]
[Result "1-0"]
[WhiteElo "1751"]
[BlackElo "1919"]
[PlyCount "76"]
[EventDate "2008.07.20"]
[EventType "tourn"]
[EventRounds "5"]
[EventCountry "GER"]
[SourceDate "2008.01.01"]

1. d4 b5 2. Nf3 Bb7 3. c3 e6 4. Bf4 f5 5. e3 a6 6. Ne5 Nf6 7. Bg5 d6 8. Nd3 Be7
9. Qb3 Bd5 10. Qc2 Ne4 11. Bxe7 Qxe7 12. Nf4 Bb7 13. Qb3 d5 14. a4 c6 15. f3
Qh4+ 16. g3 Nxg3 17. Ng2 Qh6 18. Rg1 Qxh2 19. Kf2 Nh1+ 20. Rxh1 Qxh1 21. c4
dxc4 22. Bxc4 Qh6 23. Bxe6 Qf6 24. Nc3 Ke7 25. Nf4 g5 26. Qb4+ Ke8 27. Nh5 Qe7
28. Qxe7+ Kxe7 29. Bxf5 Nd7 30. Ne4 h6 31. a5 Nf8 32. Rc1 Bc8 33. Nhg3 Bd7 34.
Rc5 Rc8 35. Re5+ Kd8 36. Nd6 Rg8 37. Nge4 Rc7 38. Nf6 Bxf5 1-0

[Event "Hamburg Harburg - ch Gr. F 6th"]
[Site "Hamburg"]
[Date "2008.07.20"]
[Round "4"]
[White "Lochmann, Viktor"]
[Black "Undritz, Bjoern"]
[Result "0-1"]
[WhiteElo "1890"]
[BlackElo "1743"]
[PlyCount "138"]
[EventDate "2008.07.20"]
[EventType "tourn"]
[EventRounds "5"]
[EventCountry "GER"]
[SourceDate "2008.01.01"]

1. e4 Nf6 2. e5 Nd5 3. d4 d6 4. c4 Nb6 5. f4 dxe5 6. fxe5 Nc6 7. Be3 Bf5 8. a3
e6 9. Nc3 Be7 10. b4 O-O 11. Be2 f6 12. Nf3 Bg4 13. b5 Na5 14. Nd2 Nbxc4 15.
Bxg4 Nxe3 16. Bxe6+ Kh8 17. Qa4 Qxd4 18. Qxd4 Nc2+ 19. Kd1 Nxd4 20. exf6 Bxf6
21. Ba2 Nxb5 22. Nxb5 Bxa1 23. Kc2 Bf6 24. Ne4 a6 25. Nbc3 Bxc3 26. Kxc3 Rae8
27. Bb1 b5 28. Bd3 Nc4 29. a4 Nd6 30. Nxd6 cxd6 31. axb5 axb5 32. Bxb5 Rc8+ 33.
Kd4 Rf4+ 34. Ke3 Rb4 35. Be2 Re8+ 36. Kd3 Rbe4 37. Bf3 Re1 38. Rxe1 Rxe1 39.
Kd4 Rb1 40. Kd5 Rb6 41. Ke6 Kg8 42. h4 Kf8 43. h5 Ke8 44. Be4 h6 45. Bf3 Ra6
46. Bb7 Rb6 47. Bf3 d5+ 48. Kxd5 Rf6 49. Ke5 Ke7 50. Bd5 Rb6 51. Bc4 Rc6 52.
Bd5 Rc5 53. Kd4 Rxd5+ 54. Kxd5 Kf6 55. Ke4 Kg5 56. Kf3 Kxh5 57. Kg3 Kg5 58. Kh3
Kf4 59. Kh4 g6 60. Kh3 g5 61. Kh2 Kg4 62. Kh1 Kg3 63. Kg1 h5 64. Kh1 g4 65. Kg1
h4 66. Kh1 Kf2 67. Kh2 g3+ 68. Kh1 h3 69. gxh3 g2+ 0-1

[Event "Hamburg Harburg - ch Gr. F 6th"]
[Site "Hamburg"]
[Date "2008.07.20"]
[Round "4"]
[White "Student, Martin"]
[Black "Raedisch, Peter"]
[Result "0-1"]
[WhiteElo "1869"]
[BlackElo "1804"]
[PlyCount "76"]
[EventDate "2008.07.20"]
[EventType "tourn"]
[EventRounds "5"]
[EventCountry "GER"]
[SourceDate "2008.01.01"]

1. e4 e5 2. Nf3 Nc6 3. d4 exd4 4. Nxd4 Bc5 5. Be3 Qh4 6. Nc3 Bb4 7. Ndb5 Ba5 8.
Be2 a6 9. Nd4 Bxc3+ 10. bxc3 Qxe4 11. O-O Nge7 12. Bd3 Qd5 13. Nxc6 dxc6 14.
Bf4 Qa5 15. Re1 Be6 16. Rb1 b5 17. Qh5 O-O-O 18. Qc5 Nd5 19. Be5 Qb6 20. Qa3
Qb7 21. Bxg7 Rhg8 22. Be5 Rg4 23. Bg3 Qb6 24. c4 Nf6 25. c5 Qa7 26. h3 Ra4 27.
Qb2 Nd7 28. a3 Qxc5 29. Bxh7 Rxa3 30. Kh1 Ra4 31. Qg7 Qh5 32. Rbd1 Rg4 33. Qc3
Rc4 34. Qd3 Bd5 35. Bf5 Kb7 36. Re7 Nc5 37. Bg4 Rxg4 38. Qe2 Qxh3+ 0-1

[Event "Hamburg Harburg - ch Gr. F 6th"]
[Site "Hamburg"]
[Date "2008.07.20"]
[Round "5"]
[White "Raedisch, Peter"]
[Black "Schoknecht, Sabine"]
[Result "1-0"]
[WhiteElo "1804"]
[BlackElo "1751"]
[PlyCount "155"]
[EventDate "2008.07.20"]
[EventType "tourn"]
[EventRounds "5"]
[EventCountry "GER"]
[SourceDate "2008.01.01"]

1. e4 c6 2. d4 d5 3. exd5 cxd5 4. Nf3 Bf5 5. Be3 Nf6 6. h3 Nc6 7. Bb5 Rc8 8.
Nc3 e6 9. Ne5 a6 10. Bxc6+ bxc6 11. O-O Bd6 12. f4 c5 13. Rc1 c4 14. Rf2 Bb4
15. Bd2 O-O 16. a3 Bxc3 17. Bxc3 Ne4 18. Rf3 f6 19. Ng4 Qc7 20. Nf2 Nxc3 21.
bxc3 Qd6 22. Ra1 Rb8 23. Qc1 Rb7 24. Nd1 Rfb8 25. Rf1 Qe7 26. Re1 Qe8 27. Ne3
Be4 28. Qd2 Rb2 29. Qf2 Qa4 30. Re2 Qa5 31. Qe1 Qc7 32. Qf2 Rb1+ 33. Re1 Rxe1+
34. Rxe1 Qa5 35. Qd2 Qxa3 36. Nxc4 Qe7 37. Ne3 Qc7 38. Rf1 Rc8 39. Nd1 a5 40.
Qc1 a4 41. Qb2 Rb8 42. Qa2 Ra8 43. Rf2 a3 44. Rf1 Qd6 45. Ne3 Rb8 46. g3 Rb2
47. Qa1 Qa6 48. Re1 Qa5 49. Nd1 Rxc2 50. Nf2 Rxc3 51. Nxe4 dxe4 52. Rxe4 Rxg3+
53. Kh2 Rxh3+ 54. Kxh3 Qf5+ 55. Kg3 Qxe4 56. Qxa3 Kf7 57. Qa7+ Kg6 58. Qc5 Qf5
59. Qd6 h6 60. Qf8 h5 61. Qb8 Qg4+ 62. Kh2 Qe2+ 63. Kg3 Kf5 64. Qh8 Qg4+ 65.
Kh2 g6 66. Qd8 Qxf4+ 67. Kh3 Qf3+ 68. Kh2 Kg4 69. Qd7 Qe2+ 70. Kg1 h4 71. d5 h3
72. Qxe6+ Qxe6 73. dxe6 Kg3 74. e7 g5 75. e8=Q g4 76. Qe1+ Kf4 77. Qf2+ Ke4 78.
Qxf6 1-0

[Event "Hamburg Harburg - ch Gr. F 6th"]
[Site "Hamburg"]
[Date "2008.07.20"]
[Round "5"]
[White "Undritz, Bjoern"]
[Black "Student, Martin"]
[Result "1-0"]
[WhiteElo "1743"]
[BlackElo "1869"]
[PlyCount "79"]
[EventDate "2008.07.20"]
[EventType "tourn"]
[EventRounds "5"]
[EventCountry "GER"]
[SourceDate "2008.01.01"]

1. d4 d5 2. g3 Nf6 3. Bg2 g6 4. Nf3 Bg7 5. O-O O-O 6. c4 e6 7. Nc3 dxc4 8. Qa4
Nbd7 9. Qxc4 Nb6 10. Qb3 Qe7 11. e4 c5 12. e5 Nfd5 13. Bg5 f6 14. exf6 Nxf6 15.
dxc5 Qxc5 16. Bxf6 Bxf6 17. Ne4 Qe7 18. Rac1 Bg7 19. Rfe1 Kh8 20. Nc5 Qf7 21.
Nxe6 Bxe6 22. Qxe6 Bxb2 23. Rc2 Bg7 24. Qxf7 Rxf7 25. Rce2 h6 26. Re8+ Rxe8 27.
Rxe8+ Kh7 28. Ne5 Rc7 29. Be4 Bxe5 30. Rxe5 h5 31. Re6 Rg7 32. f4 Nd7 33. Rd6
Nc5 34. Bc2 Na6 35. f5 Nc5 36. fxg6+ Kh6 37. Rd8 Nd7 38. Rh8+ Kg5 39. h4+ Kg4
40. Rh7 1-0

[Event "Hamburg Harburg - ch Gr. F 6th"]
[Site "Hamburg"]
[Date "2008.07.20"]
[Round "5"]
[White "Koehnke, Martin"]
[Black "Lochmann, Viktor"]
[Result "1/2-1/2"]
[WhiteElo "1919"]
[BlackElo "1890"]
[PlyCount "71"]
[EventDate "2008.07.20"]
[EventType "tourn"]
[EventRounds "5"]
[EventCountry "GER"]
[SourceDate "2008.01.01"]

1. c4 Nf6 2. Nc3 c5 3. g3 g6 4. Bg2 Bg7 5. e3 Nc6 6. Nf3 d6 7. d4 O-O 8. O-O
Bg4 9. h3 Bf5 10. a3 Qb6 11. Na4 Qa6 12. dxc5 Qxc4 13. b3 Qc2 14. cxd6 Qxd1 15.
Rxd1 Bc2 16. dxe7 Nxe7 17. Re1 Bxb3 18. Nc5 Bd5 19. Bb2 b6 20. Nd3 Rad8 21. Nb4
Be4 22. Rac1 Rc8 23. Nd2 Bxg2 24. Kxg2 Nd7 25. Bxg7 Kxg7 26. Ne4 a5 27. Nd3 f5
28. Nd6 Rxc1 29. Rxc1 Nd5 30. Nf4 Nxf4+ 31. gxf4 Nc5 32. Nc4 Na4 33. Rd1 Rf7
34. Rd4 Ra7 35. Nd6 Nc5 36. Rd5 1/2-1/2

[Event "Hamburg Harburg - ch Gr. G 6th"]
[Site "Hamburg"]
[Date "2008.07.18"]
[Round "1"]
[White "Kempe, Joerg"]
[Black "Dinse, Michael"]
[Result "1/2-1/2"]
[WhiteElo "1676"]
[BlackElo "1665"]
[PlyCount "54"]
[EventDate "2008.07.20"]
[EventType "tourn"]
[EventRounds "5"]
[EventCountry "GER"]
[SourceDate "2008.01.01"]

1. d4 Nf6 2. Nf3 b6 3. e3 e6 4. Bd3 Bb7 5. Nbd2 c5 6. c3 d5 7. Qe2 Be7 8. dxc5
bxc5 9. e4 dxe4 10. Nxe4 Nxe4 11. Bxe4 Bxe4 12. Qxe4 Qd5 13. Qe2 O-O 14. O-O
Nd7 15. Rd1 Qc6 16. Bg5 Bxg5 17. Nxg5 Rab8 18. Nxh7 Kxh7 19. Qd3+ Kg8 20. Qxd7
Qxd7 21. Rxd7 Rxb2 22. Rxa7 Rfb8 23. h3 Rc2 24. a4 Rbb2 25. Rf1 Rxc3 26. a5 Ra2
27. a6 Rca3 1/2-1/2

[Event "Hamburg Harburg - ch Gr. G 6th"]
[Site "Hamburg"]
[Date "2008.07.18"]
[Round "1"]
[White "Grove, Manfred"]
[Black "Taubhorn, Andreas"]
[Result "1/2-1/2"]
[WhiteElo "1680"]
[BlackElo "1695"]
[PlyCount "29"]
[EventDate "2008.07.20"]
[EventType "tourn"]
[EventRounds "5"]
[EventCountry "GER"]
[SourceDate "2008.01.01"]

1. e4 e5 2. Nf3 Nc6 3. Bb5 a6 4. Bxc6 dxc6 5. d4 exd4 6. Qxd4 Qxd4 7. Nxd4 Bd6
8. Nc3 Nf6 9. Be3 Ng4 10. Ke2 Nxe3 11. Kxe3 O-O 12. f4 Bc5 13. Nce2 Bg4 14. c3
Rfe8 15. Ng3 1/2-1/2

[Event "Hamburg Harburg - ch Gr. G 6th"]
[Site "Hamburg"]
[Date "2008.07.18"]
[Round "1"]
[White "Brodmann, Anton"]
[Black "Olschok, Juergen"]
[Result "0-1"]
[WhiteElo "1530"]
[BlackElo "1626"]
[PlyCount "118"]
[EventDate "2008.07.20"]
[EventType "tourn"]
[EventRounds "5"]
[EventCountry "GER"]
[SourceDate "2008.01.01"]

1. e4 e6 2. d4 d5 3. e5 c5 4. c3 Nc6 5. Nf3 Qb6 6. a3 Bd7 7. b4 cxd4 8. cxd4 a6
9. Nc3 Nh6 10. Bxh6 gxh6 11. Be2 Be7 12. Na4 Qd8 13. Qd2 Nxd4 14. Nxd4 Bxa4 15.
Qxh6 Bf8 16. Qh5 Qb6 17. Nf3 Be7 18. Qh6 Rg8 19. g3 Bc2 20. Rc1 Be4 21. h4 Kd7
22. Qd2 Rac8 23. Bd1 Rxc1 24. Qxc1 Rc8 25. Qd2 Qc7 26. Qf4 Qc3+ 27. Kf1 Qd3+
28. Kg2 Rc3 29. Re1 Qc4 30. Qxf7 Rxa3 31. Kh2 Qxb4 32. Rg1 Bxf3 33. Bxf3 Qd4
34. Rg2 Qxe5 35. Bg4 Qf6 36. Qxh7 Ra1 37. h5 Rf1 38. Qg6 Qxg6 39. hxg6 Bf8 40.
f3 Kd6 41. Re2 e5 42. Rb2 Kc6 43. Kg2 Rc1 44. Bc8 b5 45. Bxa6 Rc5 46. Kh3 Kb6
47. Bxb5 Rxb5 48. Rc2 Rc5 49. Rb2+ Kc7 50. Kg4 Bg7 51. Rh2 Kd6 52. Rh7 Rc7 53.
Kf5 d4 54. Ke4 Ke6 55. f4 Rd7 56. f5+ Kf6 57. Rh2 d3 58. Rd2 Rd4+ 59. Ke3 Bh6+
0-1

[Event "Hamburg Harburg - ch Gr. G 6th"]
[Site "Hamburg"]
[Date "2008.07.19"]
[Round "2"]
[White "Dinse, Michael"]
[Black "Olschok, Juergen"]
[Result "1-0"]
[WhiteElo "1665"]
[BlackElo "1626"]
[PlyCount "65"]
[EventDate "2008.07.20"]
[EventType "tourn"]
[EventRounds "5"]
[EventCountry "GER"]
[SourceDate "2008.01.01"]

1. d4 Nf6 2. Nf3 c5 3. e3 e6 4. c4 d5 5. Nc3 Nc6 6. dxc5 Bxc5 7. cxd5 exd5 8.
Bb5 O-O 9. Bxc6 bxc6 10. O-O Bg4 11. Qc2 Bxf3 12. gxf3 Bd6 13. Ne2 Qe7 14. Ng3
g6 15. b3 Be5 16. Bb2 Bxb2 17. Qxb2 Qe6 18. Rac1 Nd7 19. Kg2 Rac8 20. Rfd1 f5
21. Qd4 a5 22. h4 Qe5 23. Ne2 Qxd4 24. Nxd4 Nb8 25. Ne6 Rf6 26. Nf4 Kf7 27. Nd3
Rd8 28. Rc5 d4 29. e4 fxe4 30. fxe4 Re6 31. f3 Kf6 32. Rxa5 Nd7 33. Re1 {ZÜ}
1-0

[Event "Hamburg Harburg - ch Gr. G 6th"]
[Site "Hamburg"]
[Date "2008.07.19"]
[Round "2"]
[White "Taubhorn, Andreas"]
[Black "Brodmann, Anton"]
[Result "0-1"]
[WhiteElo "1695"]
[BlackElo "1530"]
[PlyCount "54"]
[EventDate "2008.07.20"]
[EventType "tourn"]
[EventRounds "5"]
[EventCountry "GER"]
[SourceDate "2008.01.01"]

1. e4 e6 2. d4 d5 3. e5 c5 4. c3 Nc6 5. Nf3 Qb6 6. Bd3 Bd7 7. dxc5 Bxc5 8. O-O
a5 9. Qe2 Nge7 10. Bf4 Ng6 11. Bg3 Nce7 12. Rd1 h5 13. Nh4 O-O-O 14. Nd2 Rdg8
15. b4 axb4 16. cxb4 Bd4 17. Rac1+ Kb8 18. Nxg6 fxg6 19. Nf3 Ba4 20. Rd2 Rc8
21. Rxc8+ Rxc8 22. Bc2 Bb5 23. Bd3 Ba4 24. Bc2 Rxc2 25. Rxc2 Bxc2 26. Qxc2 Qxb4
27. Nxd4 Qe1# 0-1

[Event "Hamburg Harburg - ch Gr. G 6th"]
[Site "Hamburg"]
[Date "2008.07.19"]
[Round "2"]
[White "Kempe, Joerg"]
[Black "Grove, Manfred"]
[Result "1-0"]
[WhiteElo "1676"]
[BlackElo "1680"]
[PlyCount "54"]
[EventDate "2008.07.20"]
[EventType "tourn"]
[EventRounds "5"]
[EventCountry "GER"]
[SourceDate "2008.01.01"]

1. Nf3 d5 2. d4 Nf6 3. e3 Bf5 4. c4 e6 5. Qb3 Nc6 6. Qxb7 Nb4 7. Na3 Rb8 8.
Qxa7 Ra8 9. Qb7 Rxa3 10. bxa3 Nc2+ 11. Kd1 Nxa1 12. cxd5 exd5 13. Bb5+ Bd7 14.
Bb2 Bxb5 15. Qxb5+ Qd7 16. a4 Ne4 17. Rf1 Qxb5 18. axb5 Nd6 19. Bxa1 Nxb5 20.
Ke2 Bd6 21. Rb1 c6 22. a4 Na7 23. Rb7 Nc8 24. Ne5 Bxe5 25. dxe5 O-O 26. Rc7 Nb6
27. a5 Rc8 1-0

[Event "Hamburg Harburg - ch Gr. G 6th"]
[Site "Hamburg"]
[Date "2008.07.19"]
[Round "3"]
[White "Grove, Manfred"]
[Black "Dinse, Michael"]
[Result "1/2-1/2"]
[WhiteElo "1680"]
[BlackElo "1665"]
[PlyCount "48"]
[EventDate "2008.07.20"]
[EventType "tourn"]
[EventRounds "5"]
[EventCountry "GER"]
[SourceDate "2008.01.01"]

1. e4 b6 2. d4 Bb7 3. Nf3 Bxe4 4. Nc3 Bb7 5. Bc4 e6 6. O-O Nf6 7. d5 Be7 8.
dxe6 dxe6 9. Bf4 Qxd1 10. Raxd1 Bxf3 11. gxf3 c6 12. a4 Nd5 13. Nxd5 exd5 14.
Rxd5 cxd5 15. Bxd5 O-O 16. Bxa8 Nd7 17. Be4 Nc5 18. b3 Rd8 19. Re1 Ne6 20. Be3
Bb4 21. Rc1 Bc3 22. Bd3 g6 23. Rd1 Nd4 24. Bxd4 Rxd4 1/2-1/2

[Event "Hamburg Harburg - ch Gr. G 6th"]
[Site "Hamburg"]
[Date "2008.07.19"]
[Round "3"]
[White "Brodmann, Anton"]
[Black "Kempe, Joerg"]
[Result "0-1"]
[WhiteElo "1530"]
[BlackElo "1676"]
[PlyCount "118"]
[EventDate "2008.07.20"]
[EventType "tourn"]
[EventRounds "5"]
[EventCountry "GER"]
[SourceDate "2008.01.01"]

1. e4 g6 2. d4 Bg7 3. Bc4 d6 4. h3 Nf6 5. Nc3 Nbd7 6. Nf3 O-O 7. Bf4 Nh5 8. Be3
e5 9. d5 Nb6 10. Bb3 f5 11. exf5 gxf5 12. Ng5 Nf6 13. Ne6 Bxe6 14. dxe6 Qe7 15.
Bg5 c6 16. a4 d5 17. a5 Nc4 18. Bxc4 dxc4 19. Bxf6 Rxf6 20. Qd7 Rxe6 21. O-O-O
Re8 22. h4 Qxd7 23. Rxd7 R8e7 24. Rhd1 Kf7 25. Na4 Rxd7 26. Rxd7+ Re7 27. Rd6
Rc7 28. Nc5 b6 29. Rd7+ Rxd7 30. Nxd7 bxa5 31. Nb8 c5 32. Nc6 Ke6 33. Nxa5 Kd5
34. Kd2 Bf6 35. b3 cxb3 36. cxb3 Bxh4 37. g3 Bd8 38. Nc4 f4 39. gxf4 exf4 40.
Kd3 Bh4 41. f3 Be1 42. Ke2 Bc3 43. Kd3 Bd4 44. Nd2 h5 45. Ne4 h4 46. Ng5 Bf6
47. Nh3 Be5 48. Ng5 a5 49. Nh3 a4 50. bxa4 c4+ 51. Kc2 Kc5 52. Nf2 Kb4 53. a5
Kxa5 54. Nh3 Kb5 55. Nf2 Kc5 56. Nh3 Kd4 57. Nf2 c3 58. Ng4 Bg7 59. Kc1 Kd3 0-1

[Event "Hamburg Harburg - ch Gr. G 6th"]
[Site "Hamburg"]
[Date "2008.07.19"]
[Round "3"]
[White "Olschok, Juergen"]
[Black "Taubhorn, Andreas"]
[Result "1-0"]
[WhiteElo "1626"]
[BlackElo "1695"]
[PlyCount "51"]
[EventDate "2008.07.20"]
[EventType "tourn"]
[EventRounds "5"]
[EventCountry "GER"]
[SourceDate "2008.01.01"]

1. e4 e5 2. d4 exd4 3. c3 dxc3 4. Bc4 Nc6 5. Nf3 d6 6. O-O Be6 7. Bxe6 fxe6 8.
Qb3 Qd7 9. Nxc3 Na5 10. Qc2 Ne7 11. Rd1 Ng6 12. b4 Nc6 13. Qb3 Be7 14. b5 Nce5
15. Nd4 Nf8 16. f4 Nf7 17. Be3 Qc8 18. Rac1 e5 19. Nf5 Bf6 20. Nd5 Ne6 21.
Nxf6+ gxf6 22. Rxd6 Nfd8 23. Rdd1 Qb8 24. fxe5 fxe5 25. Qd5 c6 26. Qd7+ 1-0

[Event "Hamburg Harburg - ch Gr. G 6th"]
[Site "Hamburg"]
[Date "2008.07.20"]
[Round "4"]
[White "Dinse, Michael"]
[Black "Taubhorn, Andreas"]
[Result "0-1"]
[WhiteElo "1665"]
[BlackElo "1695"]
[PlyCount "112"]
[EventDate "2008.07.20"]
[EventType "tourn"]
[EventRounds "5"]
[EventCountry "GER"]
[SourceDate "2008.01.01"]

1. d4 f5 2. Nf3 Nf6 3. c4 e6 4. Nc3 d5 5. e3 c6 6. Qb3 Bd6 7. Be2 O-O 8. h4 Ne4
9. cxd5 exd5 10. Nxe4 fxe4 11. Ng5 Kh8 12. Bd2 h6 13. Nh3 Qxh4 14. O-O-O Qf6
15. Bb4 a5 16. Bxd6 Qxd6 17. f3 a4 18. Qc3 exf3 19. gxf3 Bf5 20. Nf2 Nd7 21.
Nd3 Rfe8 22. Nc5 Nxc5 23. dxc5 Qe5 24. Qxe5 Rxe5 25. Bd3 Bxd3 26. Rxd3 Ra5 27.
Rc3 Rb5 28. Rh4 Rg5 29. Rh2 Rg1+ 30. Kc2 Ra1 31. a3 Rb3 32. Re2 Rxc3+ 33. Kxc3
Rc1+ 34. Kb4 Rc4+ 35. Ka5 Rxc5+ 36. Kxa4 Kg8 37. e4 dxe4 38. Rxe4 Rb5 39. b4
Rd5 40. Re3 Kf7 41. Kb3 g5 42. Kc4 h5 43. a4 Rd7 44. b5 cxb5+ 45. Kxb5 Kf6 46.
a5 h4 47. Re1 h3 48. Kc4 Kf5 49. Rh1 Rh7 50. Kd3 Kf4 51. Ke2 h2 52. Kf2 Rc7 53.
Kg2 Rc2+ 54. Kh3 Kxf3 55. Rb1 g4+ 56. Kh4 Kg2 0-1

[Event "Hamburg Harburg - ch Gr. G 6th"]
[Site "Hamburg"]
[Date "2008.07.20"]
[Round "4"]
[White "Kempe, Joerg"]
[Black "Olschok, Juergen"]
[Result "1/2-1/2"]
[WhiteElo "1676"]
[BlackElo "1626"]
[PlyCount "83"]
[EventDate "2008.07.20"]
[EventType "tourn"]
[EventRounds "5"]
[EventCountry "GER"]
[SourceDate "2008.01.01"]

1. Nf3 c5 2. e3 g6 3. d4 Bg7 4. c3 Nf6 5. dxc5 Qc7 6. b4 a5 7. Bb2 axb4 8. cxb4
O-O 9. Nbd2 b6 10. cxb6 Qxb6 11. a3 Ba6 12. Be2 Nd5 13. Bxg7 Kxg7 14. Ne4 e6
15. Qd4+ Qxd4 16. Nxd4 e5 17. Bxa6 Nxa6 18. Nb3 f5 19. Ned2 Rfc8 20. O-O Nc3
21. Na5 Ne2+ 22. Kh1 Rc2 23. Ndc4 Rc8 24. Nxe5 f4 25. exf4 Nxf4 26. Nxd7 Rd2
27. Rad1 Ra2 28. Nb6 Rcc2 29. Nbc4 Kh6 30. b5 Nc5 31. b6 Nfd3 32. b7 Nxb7 33.
Rxd3 Rxf2 34. Rg1 Nc5 35. Rf3 Rfe2 36. h3 Ne4 37. Nb3 Ng5 38. Rd3 Ne4 39. Rd4
Ng3+ 40. Kh2 Nf1+ 41. Kh1 Ng3+ 42. Kh2 1/2-1/2

[Event "Hamburg Harburg - ch Gr. G 6th"]
[Site "Hamburg"]
[Date "2008.07.20"]
[Round "4"]
[White "Grove, Manfred"]
[Black "Brodmann, Anton"]
[Result "1/2-1/2"]
[WhiteElo "1680"]
[BlackElo "1530"]
[PlyCount "110"]
[EventDate "2008.07.20"]
[EventType "tourn"]
[EventRounds "5"]
[EventCountry "GER"]
[SourceDate "2008.01.01"]

1. e4 e6 2. d4 d5 3. Nc3 Nf6 4. Bg5 Be7 5. e5 Nfd7 6. Bxe7 Qxe7 7. f4 a6 8. Nf3
f6 9. Qd2 O-O 10. O-O-O c5 11. exf6 Qxf6 12. g3 c4 13. Re1 Nc6 14. Bh3 Nb6 15.
Nd1 Bd7 16. c3 h6 17. Rhf1 a5 18. Ne3 a4 19. a3 Na5 20. Qc2 Nb3+ 21. Kd1 Kh8
22. Ne5 Be8 23. Ke2 Nc8 24. Kf2 Nd6 25. Kg1 Ne4 26. Bg2 Nbd2 27. Rd1 Nxf1 28.
Rxf1 Nd6 29. h4 Nf5 30. Nxf5 Qxf5 31. Qxf5 Rxf5 32. Bh3 Rf6 33. Kh2 Ra6 34. Rf2
Rb6 35. Nf3 Kh7 36. Kg1 Bg6 37. Kf1 Be4 38. Ne5 Rd6 39. Bg2 Bg6 40. Bh3 Rf8 41.
Ke1 Ra8 42. Kd2 Ra5 43. Re2 Rb5 44. Kc1 Rbb6 45. Bg4 Be4 46. Nf7 Rd7 47. Ne5
Re7 48. Rh2 g6 49. Bd1 Ra6 50. Kd2 Kg7 51. Kc1 Kf6 52. Bg4 Bf5 53. Bd1 h5 54.
Rf2 Be4 55. Rh2 Bf5 1/2-1/2

[Event "Hamburg Harburg - ch Gr. G 6th"]
[Site "Hamburg"]
[Date "2008.07.20"]
[Round "5"]
[White "Brodmann, Anton"]
[Black "Dinse, Michael"]
[Result "1/2-1/2"]
[WhiteElo "1530"]
[BlackElo "1665"]
[PlyCount "58"]
[EventDate "2008.07.20"]
[EventType "tourn"]
[EventRounds "5"]
[EventCountry "GER"]
[SourceDate "2008.01.01"]

1. e4 b6 2. d4 Bb7 3. Nc3 e6 4. Nf3 Bb4 5. Bd3 Nf6 6. Bg5 h6 7. Bxf6 Qxf6 8. a3
Bxc3+ 9. bxc3 c5 10. O-O Na6 11. Qe2 Nc7 12. Ne5 cxd4 13. cxd4 Rd8 14. Rfe1 O-O
15. c4 d6 16. Nf3 e5 17. d5 Na6 18. Reb1 Nc5 19. a4 Qe7 20. Nd2 Nxd3 21. Qxd3
Qc7 22. Qb3 Rb8 23. Qb4 Ba6 24. Ra2 f5 25. f3 Rbc8 26. Rc1 f4 27. Rac2 Qc5+ 28.
Qxc5 Rxc5 29. Nb1 Rfc8 1/2-1/2

[Event "Hamburg Harburg - ch Gr. G 6th"]
[Site "Hamburg"]
[Date "2008.07.20"]
[Round "5"]
[White "Olschok, Juergen"]
[Black "Grove, Manfred"]
[Result "1-0"]
[WhiteElo "1626"]
[BlackElo "1680"]
[PlyCount "51"]
[EventDate "2008.07.20"]
[EventType "tourn"]
[EventRounds "5"]
[EventCountry "GER"]
[SourceDate "2008.01.01"]

1. e4 e5 2. d4 exd4 3. c3 d3 4. Bxd3 Nc6 5. Nf3 d6 6. Bf4 Be7 7. Nbd2 Nf6 8. h3
h6 9. b4 Be6 10. Nb3 Nd7 11. Nbd4 Bf6 12. Rc1 Nce5 13. Nxe6 Nxd3+ 14. Qxd3 fxe6
15. O-O O-O 16. Be3 a6 17. Rfd1 Ne5 18. Nxe5 dxe5 19. Qc4 Qc8 20. Rd2 Rd8 21.
Rcd1 Rxd2 22. Rxd2 Kf7 23. f4 Ke8 24. f5 Kf7 25. fxe6+ Qxe6 26. Qxc7+ 1-0

[Event "Hamburg Harburg - ch Gr. G 6th"]
[Site "Hamburg"]
[Date "2008.07.20"]
[Round "5"]
[White "Taubhorn, Andreas"]
[Black "Kempe, Joerg"]
[Result "1/2-1/2"]
[WhiteElo "1695"]
[BlackElo "1676"]
[PlyCount "61"]
[EventDate "2008.07.20"]
[EventType "tourn"]
[EventRounds "5"]
[EventCountry "GER"]
[SourceDate "2008.01.01"]

1. e4 g6 2. d4 Bg7 3. c4 d6 4. Nc3 Nf6 5. Be2 O-O 6. Be3 Nbd7 7. Qd2 e5 8. d5
Nc5 9. f3 Kh8 10. Bg5 Qe8 11. Nb5 Qd7 12. Bh6 Ng8 13. Bxg7+ Kxg7 14. b4 Na6 15.
a3 f5 16. Rc1 fxe4 17. fxe4 Qf7 18. Nf3 h6 19. c5 Qe7 20. cxd6 cxd6 21. O-O Nf6
22. Bd3 Bd7 23. Nc7 Nxc7 24. Rxc7 Rab8 25. Rfc1 Rfc8 26. Bb5 Qd8 27. Qc2 Rxc7
28. Qxc7 Rc8 29. Qxd8 Rxd8 30. Rc7 a6 31. Bxd7 1/2-1/2

[Event "Hamburg Harburg - ch Gr. H 6th"]
[Site "Hamburg"]
[Date "2008.07.18"]
[Round "1"]
[White "Schwirz, Horst"]
[Black "Martens, Julian"]
[Result "1/2-1/2"]
[WhiteElo "1468"]
[BlackElo "1527"]
[PlyCount "42"]
[EventDate "2008.07.20"]
[EventType "tourn"]
[EventRounds "5"]
[EventCountry "GER"]
[SourceDate "2008.01.01"]

1. d4 d5 2. Nf3 e6 3. e3 Nf6 4. Bd3 b6 5. Qe2 Bb7 6. O-O c5 7. b3 Be7 8. Bb2
Nbd7 9. Nbd2 O-O 10. Rac1 Rc8 11. Ne5 Nxe5 12. dxe5 Nd7 13. f4 g6 14. c4 f5 15.
exf6 Bxf6 16. Nf3 Qe7 17. Bxf6 Qxf6 18. cxd5 exd5 19. Qf2 Rce8 20. Rce1 Re7 21.
Qh4 Qxh4 1/2-1/2

[Event "Hamburg Harburg - ch Gr. H 6th"]
[Site "Hamburg"]
[Date "2008.07.18"]
[Round "1"]
[White "Becker, Sven"]
[Black "Klawitter, Bernd"]
[Result "1-0"]
[WhiteElo "1457"]
[BlackElo "1485"]
[PlyCount "35"]
[EventDate "2008.07.20"]
[EventType "tourn"]
[EventRounds "5"]
[EventCountry "GER"]
[SourceDate "2008.01.01"]

1. Nf3 d5 2. g3 c6 3. Bg2 Bf5 4. d3 Nf6 5. b3 e6 6. O-O Bd6 7. Bb2 Nbd7 8. Nbd2
c5 9. Qe1 Rc8 10. e4 dxe4 11. dxe4 Bg4 12. e5 Bxf3 13. Nxf3 Bb8 14. exf6 Nxf6
15. Rd1 Qb6 16. Qd2 c4 17. Bxf6 gxf6 18. Qd7+ 1-0